000 01193nam1a2200289 i 4500
001 RU\NLR\bibl\264183
005 20260406153231.0
035 _a(NLR Aleph) 000259798
090 _a1517387
_c1517387
100 _a20020518g20019999u y0rusy50 ca
101 0 _arus
102 _aRU
105 _aa |||||||||
200 1 _aАппараты высокого напряжения
_eСвод. кат.
_e[В 2 т.]
_fИн-т пром. развития Информэлектро
210 _aМ.
_cИнформэлектро
_d2001
215 _d29
463 0 _1001224521
463 0 _1001236052
606 _aЭлектротехническая аппаратура высокого напряжения
_jКаталоги
_91048296
_3RU\NLR\auth\6686742
606 _aЭлектрические аппараты высокого напряжения
_jКаталоги
_92234348
_3RU\NLR\auth\661340978
686 _aЗ264.2я87
712 0 2 _4570
_aИнститут промышленного развития
_cМосква
_3RU\NLR\AUTH\889928646
_9352868
801 0 _aRU
_bNLR
_c20020518
_gPSBO
801 1 _aRU
_bNLR
_c20020518
852 _aNLR
_jПт 20.16/83
942 _cBOOK